000 01088nam a2200277 i 4500
001 2679175
003 BUBTL
005 20191218161456.0
008 750701s1975 ilua b 001 0 eng
010 _a 74025937
020 _a0256016356
040 _aDLC
_cDLC
_dDLC
082 0 0 _a658.7'2 / L5181p
100 _aLeenders, Michiel R.
_92643
245 1 0 _aPurchasing and materials management /
_c Michiel R. Leenders, Harold E. Fearon, Wilbur B. England
250 _a6th ed.
260 _aHomewood :
_bIrwin,
_cc1989.
300 _axiii, 972 p. :
_c24 cm.
500 _aThe 1st and 2d ed. by H. T. Lewis published under title: Procurement: principles and cases; 3d ed. by H. T. Lewis and W. B. England; 4th ed. by W. B. England; 5th ed. published under title: Modern procurement management: principles and cases.
504 _aIncludes bibliographies and indexes.
650 0 _aIndustrial procurement
_xManagement.
_92646
700 _a Fearon, Harold E.
_92644
700 _aEngland, Wilbur B.
_92645
906 _a7
_bcbc
_corignew
_d2
_eocip
_f19
_gy-gencatlg
942 _2ddc
_cBK
999 _c6192
_d6192